[Event "5th EKA IIFL Investment 2019"]
[Site "Mumbai"]
[Date "2020.01.01"]
[Round "3.26"]
[White "Gupta, Abhijeet"]
[Black "Shiva Pavan Teja Sharma U"]
[Result "1-0"]
[WhiteElo "2611"]
[BlackElo "2072"]
[Annotator "TA"]
[PlyCount "97"]
[EventDate "2019.12.30"]
[EventType "swiss"]
[EventCountry "IND"]
[SourceTitle "playchess.com"]
[Source "ChessBase"]
[SourceQuality "1"]

{[%evp 17,97,0,10,0,0,0,31,20,54,-12,26,0,0,-61,-12,-18,-30,-27,-16,-15,-25,-43,-37,-40,-28,-54,-27,-27,-27,-30,-32,-21,-10,-50,-48,-49,-49,-50,-49,-72,-66,-102,-69,-78,-12,-16,-15,-18,-8,-3,0,-14,0,0,0,0,92,68,91,96,87,93,257,239,475,283,765,645,1034,1034,1034,1034,1034,638,1050,1034,961,922,5102,5097,29981,29981]} 1. d4 Nf6 2. c4 e6 3. Nf3 b6 4. a3 Bb7 5. Nc3 d5 6. cxd5 Nxd5 7. e3 g6 8. Bb5+ c6 9. Bd3 Bg7 10. h4 {E12: Queen's Indian: Unusual White 4th moves, 4 a3, 4 Nc3 Bb7 5 a3 and 4 Nc3 Bb7} (10. O-O Nxc3 11. bxc3 O-O 12. a4 c5 13. a5 Nd7 14. Ba3 Qc7 15. Rb1 e5 16. Bb5 Rfd8 17. Qe2 Be4 18. Rbd1 exd4 19. cxd4 cxd4 20. Nxd4 bxa5 {½-½ (50) Wang,Y (2718)-Tomashevsky,E (2728) Huaian 2016}) 10... Nxc3 11. bxc3 Nd7 12. h5 {White is slightly better.} c5 13. a4 (13. e4 $1 $14) 13... Rc8 $146 ({Predecessor:} 13... e5 14. Bc4 e4 15. Ng1 Rc8 16. Qb3 {0-1 (53) Giesinger,E (2132)-Vrolijk,L (2418) Mamaia 2017}) 14. a5 O-O 15. a6 (15. axb6 $11 axb6 16. h6) 15... Ba8 (15... Bxf3 $5 16. gxf3 cxd4 17. cxd4 e5 $11) 16. Ba3 Re8 17. Bb5 Bc6 18. Bxc6 Rxc6 19. Qa4 Qc8 20. Qb5 Rd8 21. Bb2 cxd4 22. cxd4 Rc2 23. O-O Qc4 24. Qxc4 Rxc4 25. Ba3 gxh5 26. Nd2 Rc6 27. Ne4 Bf8 28. Bxf8 Kxf8 29. Rfb1 f5 30. Ng5 Nf6 (30... Kg8 $17) 31. Rc1 $11 Rdd6 32. Nf3 $1 b5 {And now ...Rxc1+ would win.} 33. Rc5 $1 Rxa6 34. Rac1 b4 {...b3 is the strong threat.} 35. Rc8+ Ke7 36. Ne5 {next R1c7+ is good for White.} Ne8 {[#]} (36... Nd5 $11 37. Rh8 Nc3) 37. Nc6+ $1 $16 Kf7 {Strongly threatening ...b3.} 38. Nxb4 Rab6 39. Nc6 {Black must now prevent Ne5+.} Ra6 $2 (39... Kf8 $16) 40. Kh2 Ra2 $2 (40... f4 {was called for.} 41. exf4 Rb6 42. Ne5+ Ke7) 41. Rb1 (41. Rb8 $142) 41... Rxc6 $2 (41... Rd7 42. Ne5+ Ke7 43. Nxd7 Kxd7) 42. Rxc6 $18 Rxf2 {[%mdl 4096] Endgame KRR-KRN} 43. Rb7+ Kf6 44. d5 {[%cal Bd4d5,Bd5d6][%mdl 32]} Ng7 45. Rcc7 f4 46. Rf7+ Ke5 47. exf4+ {[%mdl 64] [#] Overworked Piece} Rxf4 48. Rxf4 Kxf4 49. d6 {Accuracy: White = 65%, Black = 35%.} 1-0

[Event "5th EKA IIFL Investment 2019"]
[Site "Mumbai"]
[Date "2020.01.01"]
[Round "3.27"]
[White "Wagh Suyog"]
[Black "Puranik, Abhimanyu"]
[Result "1/2-1/2"]
[WhiteElo "2219"]
[BlackElo "2580"]
[Annotator "TA"]
[PlyCount "134"]
[EventDate "2019.12.30"]
[EventType "swiss"]
[EventCountry "IND"]
[SourceTitle "playchess.com"]
[Source "ChessBase"]
[SourceQuality "1"]

{[%evp 16,134,17,17,56,51,49,60,85,81,80,41,35,27,33,34,38,11,14,14,13,7,15,0,0,0,17,0,27,38,25,29,39,39,39,39,39,40,29,28,37,0,56,7,13,0,0,0,7,0,12,0,67,0,0,-2,0,0,0,0,0,0,0,0,108,108,105,108,109,75,110,85,99,99,99,99,94,94,94,0,87,70,76,53,99,28,53,53,74,53,68,60,68,69,69,63,78,0,0,0,0,0,0,0,8,0,78,8,78,8,24,8,8,0,24,0,8,0,24,0,8]} 1. d4 Nf6 2. c4 g6 3. Nc3 d5 4. cxd5 Nxd5 5. e4 Nxc3 6. bxc3 Bg7 7. Be3 c5 8. Nf3 O-O 9. Be2 Nd7 {D85: Exchange Grünfeld: Unusual White 7th moves and lines with 7 Nf3} (9... b6 10. Rc1 e6 11. O-O Bb7 12. Qd3 Nd7 13. Bg5 {½-½ (13) Yu,Y (2764)-Artemiev,V (2709) St Petersburg 2018}) 10. O-O b6 11. e5 cxd4 $146 {White is slightly better.} ({Predecessor:} 11... e6 12. Ng5 Bb7 13. Bf3 Qc7 14. Re1 Rad8 15. Qe2 Qb8 16. Rab1 Qa8 17. Bxb7 Qxb7 18. f3 {1-0 (46) Singh,D (2368)-Gopal,G (2327) Hyderabad 2005}) 12. cxd4 Bb7 13. Qd2 Bd5 14. Ne1 Rc8 15. Nd3 Nb8 {[%cal Bd7b8,Bb8c6,Bc6e7,Be7d5,Bd5f6][%mdl 32]} 16. Nf4 Bb7 17. h4 e6 18. h5 Nc6 19. Nh3 Ne7 20. Rfd1 Qd7 21. Bg5 Nd5 22. h6 Bh8 23. Rac1 Rxc1 24. Rxc1 f6 25. exf6 Nxf6 {Black wants to play ...Ne4.} 26. Be3 Nd5 27. Bg4 Nf6 $1 {[%cal Rf6g4]} ({But not} 27... Nxe3 $6 28. Qxe3 Re8 29. Nf4 $18) 28. Be2 Rc8 (28... Nd5 $1 $11) 29. Ng5 Ne4 30. Nxe4 Rxc1+ 31. Qxc1 Bxe4 32. Bb5 Qb7 33. Bf1 (33. Bg5 {looks sharper.} Bd5 34. Qe3 Qf7 35. a3 Qf5 36. Bf1) 33... Bf6 (33... Bd5 $11) 34. Qd2 (34. Bg5 $1 $14 Bxd4 35. Qf4) 34... Qd7 $11 35. Qc3 Kf7 36. Qc1 Qc6 37. Qd2 Qc2 38. Qb4 Be7 39. Qb5 Bd5 {[#]} (39... Qc7 $11) 40. Qd7 $1 $16 {[%mdl 512] Bg5 would kill now.} Qc6 41. Qxa7 Qb7 42. Qa4 Qa8 43. Qb5 Qxa2 44. Qxb6 Qa8 45. Qc7 Qd8 46. Qa7 {Black must now prevent Bg5.} Qa8 47. Qc7 Qd8 $1 {[%cal Rd8c7]} 48. Qc3 Bd6 49. g3 Qc7 50. Qe1 (50. Qxc7+ $16 Bxc7 51. Kh2) 50... Qc6 51. Qd2 Qc7 52. Bg2 (52. Bg5 {with more complications.} Qb7 53. Kh2 Qb1 54. Bg2 Bxg2 55. Kxg2 Qe4+ 56. Kh2) 52... Bxg2 53. Kxg2 Qb7+ 54. f3 Qd5 55. Qc2 Qb7 56. Qe4 (56. g4 $16) 56... Qb2+ $11 57. Bf2 Qd2 $1 58. Qe3 (58. Qb7+ {seems wilder.} Be7 59. Qd7 Qd3 60. Qa4 Qd2 61. Qb3) 58... Qxe3 59. Bxe3 {[%mdl 4096] Endgame KB-KB} Kf6 60. Kh3 Kf5 (60... g5 $11 {remains equal.}) 61. g4+ $16 Kf6 {[#]} 62. Kh4 (62. f4 $1 $16) 62... Bc7 63. Bg5+ Kf7 64. Be3 Kf6 65. Bg5+ Kf7 66. Be3 Kf6 67. Bg5+ Kf7 {Accuracy: White = 47%, Black = 58%.} 1/2-1/2

[Event "5th EKA IIFL Investment 2019"]
[Site "Mumbai"]
[Date "2020.01.01"]
[Round "3.28"]
[White "Chanda, Sandipan"]
[Black "Vatsal Singhania"]
[Result "1/2-1/2"]
[WhiteElo "2545"]
[BlackElo "2252"]
[Annotator "TA"]
[PlyCount "56"]
[EventDate "2019.12.30"]
[EventType "swiss"]
[EventCountry "IND"]
[SourceTitle "playchess.com"]
[Source "ChessBase"]
[SourceQuality "1"]

{[%evp 18,56,0,2,22,22,37,25,50,38,49,43,31,0,0,10,18,0,0,0,0,0,0,0,0,0,0,0,0,0,0,0,0,0,0,0,0,0,0,0,0]} 1. d4 Nf6 2. c4 e6 3. Nc3 Bb4 4. e3 O-O 5. Bd2 d5 6. Nf3 b6 7. cxd5 exd5 8. Bd3 Bb7 9. O-O Nbd7 10. Qc2 a6 {E52: Nimzo-Indian: Rubinstein: 4...0-0 5 Nf3 d5 6 Bd3 b6} 11. Ne5 c5 $146 ({Predecessor:} 11... Nxe5 12. dxe5 Ne4 13. Bxe4 dxe4 14. Rfd1 Re8 15. Nxe4 Bxd2 16. Nxd2 Qg5 17. e4 Qxe5 18. f3 {1-0 (49) Bang,E (2663)-Sevecek,R (2602) ICCF corr 1999}) 12. a3 (12. Nxd7 {seems wilder.} Qxd7 13. Na4 Bxd2 14. Nxb6 Qd8 15. Nxa8 c4 16. Qxd2 cxd3 17. Rfc1) 12... cxd4 {White has an edge.} 13. Nxd7 Qxd7 14. axb4 dxc3 15. Bxc3 d4 $1 {[%cal Rd4c3] The position is equal.} 16. Bxd4 Bxg2 $1 17. Bxf6 gxf6 18. Bf5 (18. Bxh7+ $2 Kh8 $17) 18... Qb7 {White must now prevent ...Kh8.} 19. Rfd1 $1 Kh8 20. Qc3 $1 {[%cal Rc3f6]} ({Don't blunder} 20. Bxh7 $2 Bh3 $19) 20... Rg8 $1 {[#] ( -> ...Bh3+)} 21. Qxf6+ Rg7 {aiming for ...Bh3+.} 22. Rd8+ Rxd8 23. Qxd8+ Rg8 24. Qf6+ Rg7 25. Qd8+ Rg8 26. Qf6+ Rg7 {[#] And now ...Qc6 would win.} 27. Qd8+ Rg8 28. Qf6+ Rg7 1/2-1/2

[Event "5th EKA IIFL Investment 2019"]
[Site "Mumbai"]
[Date "2020.01.01"]
[Round "3.29"]
[White "Utsab Chatterjee"]
[Black "Debashis, Das"]
[Result "0-1"]
[WhiteElo "2200"]
[BlackElo "2523"]
[Annotator "TA"]
[PlyCount "81"]
[EventDate "2019.12.30"]
[EventType "swiss"]
[EventCountry "IND"]
[SourceTitle "playchess.com"]
[Source "ChessBase"]
[SourceQuality "1"]

{[%evp 14,81,47,26,41,37,40,0,37,41,34,34,21,32,35,22,31,38,53,-18,0,-23,0,0,0,0,0,0,23,0,10,0,0,0,0,0,0,0,0,0,0,0,46,0,67,62,62,-276,-276,-268,-268,-257,-215,-306,-297,-304,-293,-272,-264,-313,-297,-400,-309,-365,-358,-398,-386,-508,-494,-553]} 1. e4 c5 2. Nf3 e6 3. d4 cxd4 4. Nxd4 a6 5. Bd3 Qc7 6. O-O Nf6 7. Qe2 d6 8. Kh1 Nbd7 {B42: Sicilian: Kan Variation: 5 Bd3} 9. c4 (9. f4 Be7 10. c4 b6 11. Nc3 O-O 12. e5 dxe5 13. fxe5 Nxe5 14. Bf4 Bd6 15. Ne4 Nxe4 16. Bxe4 Ra7 17. Bxe5 Bxe5 18. Nc6 Bf6 19. Rad1 Be7 20. Nxa7 Qxa7 {½-½ (59) Pridorozhni,A (2533)-Sjugirov,S (2673) Khanty-Mansiysk 2014}) 9... Ne5 10. Nc3 Be7 {The position is equal.} 11. f4 Nxd3 12. Qxd3 O-O 13. b3 Bd7 14. Ba3 $146 ({Predecessor:} 14. Bd2 Rac8 15. Rac1 Qb8 16. a4 {½-½ (46) Gundavaa,B (2482)-Enkhnar,E (2374) Murun 2019}) 14... Rfe8 15. Rae1 Bc6 16. e5 (16. f5 $14) 16... dxe5 $11 17. Bxe7 (17. fxe5 $5 {[%cal Ra3e7]} Bxa3 18. exf6 $11) 17... exd4 18. Bxf6 $1 gxf6 19. Qxd4 Qd8 20. Qe3 Kh8 21. Rd1 Qe7 22. f5 Rad8 23. fxe6 fxe6 24. Rxd8 Rxd8 25. Ne4 Rg8 26. Rf2 Qg7 {aiming for ...f5.} 27. Ng3 e5 28. Kg1 Qe7 ({Black should play} 28... Rd8 $1 $11) 29. Nf5 $14 Qd7 30. Nh4 $2 {[%mdl 8192]} (30. Qd2 $14 {stays ahead.}) 30... Qd1+ $1 $19 31. Rf1 Qg4 $1 {[%csl LRg2,LRh4][%cal Rg4g2]} 32. Rxf6 Bxg2 $40 {[%mdl 128] Black has strong attack.} ({Inferior is} 32... Qxh4 33. Rxc6 $1 {[%mdl 512]} bxc6 34. Qxe5+ Rg7 35. Qe8+ Rg8 36. Qe5+ Rg7 37. Qe8+ Rg8 38. Qe5+ $11) 33. Ng6+ (33. Qxe5 {was necessary.} Bh3+ 34. Kf2 Qxh4+ 35. Ke2) 33... Rxg6 34. Rxg6 Qxg6 ({Stronger than} 34... hxg6 35. Qxe5+ Kg8 36. Qe8+ Kh7 37. Qe7+ Kg8 38. Qe8+ Kh7 39. Qf7+ Kh8 40. Qf8+ Kh7 41. Qe7+ Kg8 42. Qe8+ $11) 35. Qxe5+ Kg8 36. Qb8+ {[#]} Kf7 $1 37. Qc7+ Ke8 38. Qc8+ {[#]} Ke7 $1 {Hoping for ...Bh3+.} 39. Qc7+ Ke6 40. Qc8+ Ke5 {( -> ...Bf3+)} 41. Qc7+ {Accuracy: White = 49%, Black = 64%.} 0-1

[Event "5th EKA IIFL Investment 2019"]
[Site "Mumbai"]
[Date "2020.01.01"]
[Round "3.30"]
[White "Nigmatov, Ortik"]
[Black "Panesar Vedant"]
[Result "1-0"]
[WhiteElo "2474"]
[BlackElo "2247"]
[Annotator "TA"]
[PlyCount "124"]
[EventDate "2019.12.30"]
[EventType "swiss"]
[EventCountry "IND"]
[SourceTitle "playchess.com"]
[Source "ChessBase"]
[SourceQuality "1"]

{[%evp 9,124,-10,-1,-10,14,3,20,15,20,18,27,13,13,7,11,2,8,16,14,0,0,0,-6,-24,0,-34,8,-4,14,-7,44,41,79,92,95,85,179,168,169,165,146,30,39,48,33,30,31,0,4,0,0,-2,0,-8,0,-18,0,0,0,0,0,0,0,3,34,18,18,18,34,29,48,0,47,48,78,-54,-57,-68,-58,-59,-25,-25,-31,-42,0,0,0,0,56,46,62,57,89,89,89,89,92,92,92,92,92,95,112,112,138,112,163,168,273,208,331,323,423,411,1527,1512,1085]} 1. d4 Nf6 2. Nc3 d5 3. Bf4 e6 4. Nb5 Na6 5. e3 c6 6. Nc3 {D00: 1 d4 d5: Unusual lines} Nc7 7. Nf3 c5 $146 ({Predecessor:} 7... Bd6 8. Ne5 O-O 9. Qf3 Bb4 10. Bd3 Nb5 11. O-O Nxc3 12. bxc3 Bxc3 {0-1 (33) Jobava,B (2690)-Anand,V (2782) Riadh 2017}) 8. Ne5 {The position is equal.} c4 9. a3 Bd6 10. g4 Qe7 11. Bg2 Nd7 12. g5 Nxe5 13. dxe5 Bc5 14. Ne2 Bd7 15. h4 O-O-O 16. Nd4 Na6 17. Qe2 Nb8 18. c3 Na6 19. a4 {[%cal Ba3a4,Ba4a5,Ba5a6][%mdl 32]} Bb6 ({Black should play} 19... h6 $11) 20. a5 $14 Bc7 21. e4 Nc5 {...Nd3+ is the strong threat.} 22. O-O Nxe4 (22... h6 $16 {is a better defense.}) 23. Bxe4 $18 dxe4 {[#]} 24. a6 $1 ({Much less strong is} 24. Qxc4 $6 a6 $16) 24... Qc5 25. Qxe4 (25. axb7+ $16 Kb8 26. b3 (26. Qxe4 Qd5 $16)) 25... Qd5 $1 $11 {[%cal Rd5e4]} 26. Qxd5 exd5 27. Rfe1 Rhe8 28. Bg3 Bb6 29. axb7+ Kxb7 30. Red1 a5 31. Kg2 a4 32. Nc2 Bc5 33. f3 Bc6 34. Rd2 f6 35. Re1 fxe5 36. Bxe5 Rd7 37. Kg3 Rde7 38. f4 g6 39. Red1 Kc8 40. Ne1 Rb7 41. Nf3 Ba7 42. Nh2 {[#]} (42. h5 $16) 42... d4 $1 $15 {[%mdl 512]} 43. cxd4 Rb3+ 44. Kf2 Rh3 {[%mdl 1024] Black has compensation.} 45. Nf1 Rf3+ ({But not} 45... Rxh4 $6 46. Kg3 $16) 46. Kg1 Kd7 47. Rc2 Bd5 48. Rc3 $1 {Threatening Ne3.} Rxc3 ({Better is} 48... Rxe5 $11 49. fxe5 Rf4) 49. bxc3 $14 Ra8 50. Ne3 Bf7 51. Rb1 {Threatens to win with Rb7+.} Kc6 52. Kf1 Be6 53. Ke2 a3 54. Ra1 Bb6 55. Nc2 Bf5 56. Rxa3 Rxa3 57. Nxa3 $16 {[%mdl 4096] Endgame KBB-KBN} Bd3+ {[#]} (57... Kd5 $16 {might work better.}) 58. Kd2 $1 $18 Ba5 (58... Kd5 {keeps fighting.} 59. Nc2 Bxc2 60. Kxc2 Ke4) 59. Nc2 Kd5 (59... Kd7 $142 60. Ne3 Bd8) 60. Ne3+ Ke4 61. Ng4 {And now Nf2+ would win.} Bd8 (61... Kf3 $142) 62. Nf2+ Kd5 {Accuracy: White = 58%, Black = 40%.} 1-0

[Event "5th EKA IIFL Investment 2019"]
[Site "Mumbai"]
[Date "2020.01.01"]
[Round "3.31"]
[White "Lugovskoy, Maxim"]
[Black "Subhayan Kundu"]
[Result "0-1"]
[WhiteElo "2466"]
[BlackElo "2222"]
[Annotator "TA"]
[PlyCount "36"]
[EventDate "2019.12.30"]
[EventType "swiss"]
[EventCountry "IND"]
[SourceTitle "playchess.com"]
[Source "ChessBase"]
[SourceQuality "1"]

{[%evp 17,83,-41,-36,-48,-41,-35,-10,-88,-110,-93,-75,-99,-50,-85,-98,-243,-235,-220,-206,-215,0,-202,-132,-179,-177,-199,-204,-234,-169,-425,-411,-403,-375,-371,-368,-385,-379,-375,-362,-530,-521,-513,-448,-426,-433,-1114,-1089,-1060,-1026,-29989,-29990,-29990,-29991,-29996,-29993,-29993,-29994,-29994,-29995,-29995,-29996,-29996,-29997,-29997,-29998,-29998,-29999,-29999]} 1. e4 c5 2. c3 Nf6 3. e5 Nd5 4. d4 cxd4 5. cxd4 Nc6 6. Nf3 d6 7. Bc4 Nb6 8. Bb3 dxe5 9. d5 Na5 $1 10. Nc3 {B22: Sicilian: 2 c3} f6 (10... Nxb3 11. Qxb3 e6 12. Nxe5 Nxd5 13. Qb5+ Bd7 14. Qxb7 Bb4 15. Nxd7 Qc8 16. Nc5 Qxb7 17. Nxb7 Rb8 18. Nd6+ Bxd6 19. Nxd5 exd5 20. O-O {½-½ (31) Stevic,H (2624)-Markus,R (2625) Ljubljana 2012}) 11. Be3 Bd7 12. Bc2 (12. Bxb6 $11 {remains equal.} axb6 13. Ba4) 12... g6 $17 13. h4 Nac4 14. h5 Qc7 ({Don't play} 14... Nxb2 $6 15. Qb1 $14) 15. Bc1 gxh5 16. b3 {[#]} (16. a4 $17) 16... Na3 $1 $19 {[%mdl 512]} 17. Bxa3 Qxc3+ 18. Kf1 $146 {[#]} Nxd5 {Played: Qc3-a5} 0-1

[Event "5th EKA IIFL Investment 2019"]
[Site "Mumbai"]
[Date "2020.01.01"]
[Round "3.32"]
[White "Nguyen, Van Huy"]
[Black "Praveen Kumar C"]
[Result "1-0"]
[WhiteElo "2457"]
[BlackElo "2199"]
[Annotator "TA"]
[PlyCount "83"]
[EventDate "2019.12.30"]
[EventType "swiss"]
[EventCountry "IND"]
[SourceTitle "playchess.com"]
[Source "ChessBase"]
[SourceQuality "1"]

{[%evp 13,83,11,34,34,33,23,48,48,57,41,61,61,87,60,58,58,58,58,70,64,70,62,82,64,74,61,62,66,57,61,79,81,79,84,83,80,82,80,94,97,130,97,165,149,162,149,201,124,180,178,178,178,179,179,179,179,207,197,189,189,431,426,485,469,454,406,427,397,741,723,726,699]} 1. Nf3 Nf6 2. c4 e6 3. g3 b6 4. Bg2 Bb7 5. d4 Be7 6. O-O O-O 7. Re1 c5 8. d5 {E17: Queen's Indian: 4 g3 Bb7 5 Bg2 Be7} exd5 9. Nh4 {[%cal Rc4d5]} Re8 (9... Ne4 10. cxd5 Bxh4 11. Bxe4 Bf6 12. Nc3 d6 13. Bg2 Re8 14. Bf4 Na6 15. Ne4 Be7 {½-½ (49) Nakamura,H (2749)-Iturrizaga Bonelli,E (2637) chess.com INT 2019}) 10. Nf5 {[%mdl 1024] White is slightly better. White has compensation.} Bf8 11. Nc3 Na6 12. Bg5 $146 {[%cal Rg2d5]} ({Predecessor:} 12. cxd5 d6 13. e4 Nc7 14. a4 a6 15. Bg5 Rb8 {1-0 (26) Bellahcene,B (2231)-Arab,A (2430) Tipaza 2011}) 12... Nc7 13. Ne3 h6 14. Bxf6 Qxf6 15. Nexd5 Bxd5 16. Bxd5 Rab8 17. Qd3 g6 18. Rad1 Rbd8 19. b3 (19. Bg2 {seems wilder.} Bg7 20. e3 Re7 21. Rd2 Qe6 22. Red1) 19... Bg7 20. Nb5 Nxb5 21. cxb5 Kh7 22. Qc4 Re7 23. Rd3 Rf8 24. e3 Qb2 25. a4 f5 26. Red1 Qf6 27. Bf3 Rff7 (27... Qf7 $16) 28. Kg2 Qe5 29. h4 Bf6 (29... h5 $16 30. b4 cxb4) 30. Rd5 Qc3 (30... Qe6 $16) 31. h5 $18 {And now Qf4 would win.} Qxc4 32. bxc4 Be5 33. hxg6+ Kxg6 34. Rh1 $36 {[%mdl 2048] [#] Black must now prevent Bh5+. White has strong initiative.} Kh7 35. Bd1 Rf6 36. Bc2 d6 $2 (36... Kg7 37. Rh5 Kg6) 37. f4 Bb2 38. Kf3 Kg7 39. Bxf5 Re8 40. g4 a6 $2 {[#]} (40... Rd8 41. Rd2 Ba3) 41. bxa6 Ra8 42. Rb1 {Accuracy: White = 82%, Black = 38%.} 1-0

[Event "5th EKA IIFL Investment 2019"]
[Site "Mumbai"]
[Date "2020.01.01"]
[Round "3.33"]
[White "Koustav Chatterjee"]
[Black "Aradhya, Garg"]
[Result "1-0"]
[WhiteElo "2447"]
[BlackElo "2197"]
[Annotator "TA"]
[PlyCount "74"]
[EventDate "2019.12.30"]
[EventType "swiss"]
[EventCountry "IND"]
[SourceTitle "playchess.com"]
[Source "ChessBase"]
[SourceQuality "1"]

{[%evp 12,74,13,25,56,52,54,38,50,47,35,28,33,42,32,21,25,20,22,10,15,9,15,24,25,18,42,39,41,11,4,17,52,18,83,84,114,107,294,324,293,247,364,360,303,284,385,356,697,695,1400,1376,2064,1916,29982,29983,29986,29987,29987,29988,29989,29990,29990,29991,29991]} 1. c4 e6 2. Nc3 d5 3. d4 Nf6 4. cxd5 exd5 5. Bg5 c6 6. e3 h6 7. Bh4 g6 {D35: Queen's Gambit Declined: Exchange Variation} (7... Bf5 8. Qf3 Bh7 9. Bxf6 Qxf6 10. Qxf6 gxf6 11. Nge2 Nd7 12. Ng3 Nb6 13. O-O-O Bb4 14. Bd3 O-O 15. Nce2 Nc8 {½-½ (128) Yu,Y (2736)-Ganguly,S (2638) Changsha 2019}) 8. Bd3 Bg7 9. Qc2 O-O {White is slightly better.} 10. Nf3 Be6 $146 ({Predecessor:} 10... Re8 11. O-O Nbd7 12. Rfe1 g5 13. Bg3 Nh5 14. e4 Nxg3 15. hxg3 dxe4 16. Nxe4 {0-1 (40) Terentiev,V-Katalymov,B Krasnodar 1966}) 11. O-O Nbd7 12. Na4 Re8 13. Nd2 g5 14. Bg3 Nh5 15. b4 Nxg3 16. hxg3 b5 17. Nc5 Nxc5 18. Qxc5 Qb6 19. Qc3 a5 20. a4 axb4 21. Qxb4 Qa7 {[%cal Rb5a4]} 22. a5 c5 (22... Qe7 $11 {remains equal.} 23. Qxe7 Rxe7) 23. dxc5 $16 Bxa1 24. Rxa1 d4 $2 {[#]} (24... Rec8 $16 {is a better defense.}) 25. exd4 $18 Bd5 26. Nb1 ({Resist} 26. Qxb5 Qe7 $18) 26... Bc4 (26... Qb7 $142 27. Bxb5 Bc6) 27. Bxc4 bxc4 28. Nc3 ({Worse is} 28. Qxc4 Re1+ 29. Kh2 Qb7 $17) 28... Qa6 29. Nd5 {[#] Strongly threatening Nc7.} Re2 $2 (29... Qc6) 30. Nb6 Rc2 {Now ...Re8 and Black clings on.} 31. Nxa8 Qxa8 {[%mdl 4096] Endgame KQR-KQR} 32. a6 {[%cal Ba5a6,Ba6b7][%mdl 32]} c3 33. Qb7 {White mates.} Qxb7 34. axb7 Rb2 35. c6 c2 36. c7 Rb1+ 37. Kh2 c1=Q {Accuracy: White = 72%, Black = 34%.} 1-0

[Event "5th EKA IIFL Investment 2019"]
[Site "Mumbai"]
[Date "2020.01.01"]
[Round "3.34"]
[White "Khusenkhojaev, Muhammad"]
[Black "Jubin Jimmy"]
[Result "1/2-1/2"]
[WhiteElo "2427"]
[BlackElo "2193"]
[Annotator "RC"]
[PlyCount "81"]
[EventDate "2019.12.30"]
[EventType "swiss"]
[EventCountry "IND"]
[SourceTitle "playchess.com"]
[Source "ChessBase"]
[SourceQuality "1"]
[TimeControl "40/5400+30:1800+30"]

1. Nf3 {[%emt 0:03:41]} Nf6 {[%emt 0:00:00]} 2. c4 {[%emt 0:00:05]} e6 {[%emt 0:00:00]} 3. g3 {[%emt 0:00:06]} d5 {[%emt 0:00:00]} 4. d4 {[%emt 0:00:04]} Bb4+ {[%emt 0:00:00]} 5. Bd2 {[%emt 0:00:04]} Be7 {[%emt 0:00:05]} 6. Bg2 {[%emt 0:00:05]} O-O {[%emt 0:00:11]} 7. O-O {[%emt 0:00:08]} Nbd7 {[%emt 0:00:16]} 8. Qc2 {[%emt 0:00:07]} c6 {[%emt 0:00:05]} 9. Rd1 {[%emt 0:00:06]} b6 {[%emt 0:01:16]} 10. b3 {[%emt 0:00:06]} Bb7 {[%emt 0:04:01]} 11. Nc3 {[%emt 0:00:07]} c5 {[%emt 0:02:20]} 12. cxd5 {[%emt 0:00:31]} exd5 {[%emt 0:00:48]} 13. Bf4 {[%emt 0:02:58]} Rc8 {[%emt 0:01:43]} 14. Nb5 {[%emt 0:01:18]} a6 {[%emt 0:05:34]} 15. Nd6 {[%emt 0:00:08]} Bxd6 {[%emt 0:00:07]} 16. Bxd6 {[%emt 0:00:04]} Re8 {[%emt 0:00:32]} 17. dxc5 {[%emt 0:06:18]} bxc5 {[%emt 0:06:28]} 18. Bf4 {[%emt 0:07:27]} Qb6 {[%emt 0:09:32]} 19. Re1 {[%emt 0:17:26]} h6 {[%emt 0:07:03]} 20. Qc1 {[%emt 0:15:32]} d4 {[%emt 0:09:12]} 21. Qa3 {[%emt 0:03:25]} Ne4 {[%emt 0:08:37]} 22. Nd2 {[%emt 0:00:31]} Nxd2 {[%emt 0:01:41]} 23. Bxb7 {[%emt 0:02:08]} Qxb7 {[%emt 0:02:10]} 24. Bxd2 {[%emt 0:00:04]} Re6 {[%emt 0:08:46]} 25. Qa4 {[%emt 0:04:15]} d3 {[%emt 0:06:20]} 26. e4 {[%emt 0:01:14]} Ne5 {[%emt 0:07:55]} 27. Re3 {[%emt 0:00:20]} Rce8 {[%emt 0:01:48]} 28. Bc3 {[%emt 0:01:31]} Ng4 {[%emt 0:02:48]} 29. Rxd3 {[%emt 0:01:27]} Rxe4 {[%emt 0:00:02]} 30. Qd7 {[%emt 0:02:26]} Qxd7 {[%emt 0:01:28]} 31. Rxd7 {[%emt 0:00:05]} Re2 {[%emt 0:00:11]} 32. Rd2 {[%emt 0:01:28]} R2e6 {[%emt 0:00:09]} 33. Rd7 {[%emt 0:00:04]} Re2 {[%emt 0:00:03]} 34. Rd2 {[%emt 0:00:05]} R2e6 {[%emt 0:00:09]} 35. Rd7 {[%emt 0:00:03]} Re2 {[%emt 0:00:07]} 36. Rd2 {[%emt 0:00:04]} R2e6 {[%emt 0:00:02]} 37. Rd7 {[%emt 0:00:09]} Re2 {[%emt 0:00:44]} 38. Rd2 {[%emt 0:00:02]} R2e6 {[%emt 0:00:07]} 39. Rd7 {[%emt 0:00:03]} Re2 {[%emt 0:00:03]} 40. Rd2 {[%emt 0:00:00]} R2e6 {[%emt 0:00:00]} 41. Rd7 {[%emt 0:00:11]} 1/2-1/2